| 000 | 01193cam a2200373 i 4500 | ||
|---|---|---|---|
| 999 |
_c200426759 _d44683 |
||
| 001 | 19226142 | ||
| 003 | TR-AnTOB | ||
| 005 | 20190709133300.0 | ||
| 008 | 160812s2013 tu b 000 0 tur c | ||
| 010 | _a 2013328883 | ||
| 020 | _a9786053779216 | ||
| 035 | _a(OCoLC)887871857 | ||
| 040 |
_aNjP _beng _cPUL _dTR-AnTOB _dOCLCF _dDLC _erda |
||
| 041 | _atur | ||
| 042 |
_apcc _alcode |
||
| 043 | _aa-tu--- | ||
| 050 |
_aK230. _bC34 2013 |
||
| 090 |
_aK230. _bC34 2013 |
||
| 100 | 1 |
_aÇağlar, Selda, _eauthor. |
|
| 245 | 1 | 0 |
_aHukuk devletinin hukuki belirlilik ilkesi üzerinden değerlendirilmesi / _cSelda Çağlar. |
| 250 | _a1st edition. | ||
| 264 | 1 |
_aCağaloğlu, İstanbul : _bBeta, _c2013. |
|
| 300 |
_axi, 282 pages ; _c23 cm |
||
| 336 |
_atext _2rdacontent _btxt |
||
| 337 |
_aunmediated _2rdamedia _bn |
||
| 338 |
_avolume _2rdacarrier _bnc |
||
| 490 | 0 |
_aHukuk Dizisi ; _v1426 |
|
| 504 | _aIncludes bibliographical references (pages 249-282). | ||
| 650 | 0 |
_aLegal certainty _zTurkey. |
|
| 650 | 0 |
_aLaw _zTurkey _xInterpretation and construction. |
|
| 906 |
_a7 _bcbc _cpccadap _d2 _encip _f20 _gy-gencatlg |
||
| 942 |
_2lcc _cBK |
||